Loading...
Call of Abraham
| Main Author: | |
|---|---|
| Format: | Printed Book |
| Published: |
Other books, Calicut
2007
|
| Subjects: |
| LEADER | 00503nam a2200157 4500 | ||
|---|---|---|---|
| 082 | |a 297.283 MUH | ||
| 100 | |a Muhammadi, Ahmad | ||
| 245 | |a Call of Abraham |c Muhammadi, Ahmad | ||
| 250 | |||
| 260 | |a Other books, Calicut |c 2007 | ||
| 300 | |a 152 P | ||
| 490 | |||
| 650 | |a Religion--Islam--Other religions comparative study--Christianity--Abraham--Jesus | ||
| 942 | |c BK | ||
| 999 | |c 188776 |d 188776 | ||
| 952 | |0 0 |1 0 |4 0 |6 297_283000000000000_MUH |7 0 |9 202125 |a ISL |b ISL |l 0 |o 297.283 MUH |p ISL03155 |r 2019-10-28 |w 2019-10-28 |y BK | ||